| Поле | Название | Значение |
| |
Тип записи |
a |
| |
Библиографический уровень |
m |
| 001 |
Контрольный номер |
RU/УОНБ/EK_N/653589731 |
| 005 |
Дата корректировки |
20240130235008.1 |
| 013 |
Номер (ISMN) |
__ |
| a |
Номер (ISMN) |
979-0-66006-525-9 |
| d |
Цена |
484 р. |
| 071 |
Издательские номер (звукозапись и ноты) |
21 |
| a |
Номер, присвоенный агентством |
17357 |
| 100 |
Данные общей обработки |
__ |
| a |
Данные общей обработки |
20200913d2016 u y0rusy0189||||ca |
| 101 |
Язык документа |
0_ |
| a |
Язык текста |
rus |
| f |
Язык титульного листа |
rus |
| 102 |
Страна публикации |
__ |
| a |
Страна публикации |
RU |
| 105 |
Кодированные данные (монография) |
__ |
| a |
Кодированные данные (монография) |
y###||||000|y |
| 125 |
Кодированные данные звукозаписи и нотных изданий |
__ |
| a |
Форма изложения нотного текста |
с| |
| 128 |
Кодированные данные (звукозаписи-физические характеристики) |
__ |
| a |
Кодированные данные: Музыкальная форма и тональность или лад |
zz |
| c |
Инструменты или голоса, рекомендуемые для солистов (устаревшее) |
vu|| |
| 200 |
Заглавие и сведения об ответственности |
1_ |
| a |
Заглавие |
Вып. 5 |
| e |
Сведения, относящиеся к заглавию |
муз.-театр. постановки |
| f |
Первые сведения об ответственности |
сост. М. С. Осеннева |
| 210 |
Выходные данные |
1_ |
| d |
Дата издания |
сор. 2016 |
| 215 |
Физическое описание |
__ |
| a |
Объем |
136 с. |
| 300 |
Общие примечания |
__ |
| a |
Общие примечания |
С метод. рекомендациями и сценариями муз сказок |
| 327 |
Примечание о содержании |
11 |
| a |
Примечание о содержании |
Содерж. : Герчик В. Колобок / инсценировка Н. Метлова ; Кот, Петух и Лиса / инсценировка М. Осенневой. - Попатенко Т. Лиса, Заяц и Петух (Зайкина избушка) / инсценировка М. Осенневой. - Красев М. Теремок : опера-сказка / сл. С. Маршака ; Муха-Цокотуха / сл. К. Чуковского и М. Клоковой. - Золотарёв М. Кошкин дом / сл. С. Маршака. - Якушенко И. Что лучше : муз. сказка / М. Садовского. - Жаров А. Сказка о глупом мышонке : мюзикл : для солистов и дет. хора / сл. С. Маршака. |
| 461 |
Уровень набора |
_0 |
| 1 |
|
001RU/УОНБ/EK_N/653312415 |
| 1 |
|
200 |
| a |
|
Музыка в школе |
| b |
|
Ноты |
| e |
|
учеб. пособие |
| v |
|
Вып. 5 |
| 1 |
|
210 |
| a |
|
М. |
| c |
|
Музыка |
| d |
|
сор. 2016 |
| 464 |
Аналитический уровень |
_0 |
| 1 |
|
2001 |
| a |
|
Колобок |
| 1 |
|
700 1 |
| a |
|
Герчик |
| b |
|
В. |
| 1 |
|
702 1 |
| a |
|
Метлов |
| b |
|
Н. |
| 4 |
|
030 |
| 464 |
Аналитический уровень |
_0 |
| 1 |
|
2001 |
| a |
|
Лиса, Заяц и Петух |
| a |
|
Зайкина избушка |
| 1 |
|
700 1 |
| a |
|
Попатенко |
| b |
|
Т. |
| 1 |
|
702 1 |
| a |
|
Осеннева |
| b |
|
М. |
| 4 |
|
030 |
| 464 |
Аналитический уровень |
_0 |
| 1 |
|
2001 |
| a |
|
Теремок |
| e |
|
опера-сказка |
| 1 |
|
700 1 |
| a |
|
Красев |
| b |
|
М. |
| 1 |
|
702 1 |
| a |
|
Маршак |
| b |
|
С. |
| 4 |
|
520 |
| 464 |
Аналитический уровень |
_0 |
| 1 |
|
2001 |
| a |
|
Кошкин дом |
| 1 |
|
700 1 |
| a |
|
Золотарёв |
| b |
|
М. |
| 1 |
|
702 1 |
| a |
|
Маршак |
| b |
|
С. |
| 4 |
|
520 |
| 464 |
Аналитический уровень |
_0 |
| 1 |
|
2001 |
| a |
|
Что лучше? |
| e |
|
муз. сказка |
| 1 |
|
700 1 |
| a |
|
Якушенко |
| b |
|
И. |
| 1 |
|
702 1 |
| a |
|
Садовский |
| b |
|
М. |
| 4 |
|
520 |
| 464 |
Аналитический уровень |
_0 |
| 1 |
|
2001 |
| a |
|
Сказка о глупом мышонке |
| e |
|
мюзикл |
| e |
|
для солистов и дет. хора |
| 1 |
|
700 1 |
| a |
|
Жаров |
| b |
|
А. |
| 1 |
|
702 1 |
| a |
|
Маршак |
| b |
|
С. |
| 4 |
|
520 |
| 464 |
Аналитический уровень |
_0 |
| 1 |
|
2001 |
| a |
|
Кот, Петух и Лиса |
| 1 |
|
700 1 |
| a |
|
Герчик |
| b |
|
В. |
| 1 |
|
702 1 |
| a |
|
Осеннева |
| b |
|
М. |
| 4 |
|
030 |
| 464 |
Аналитический уровень |
_0 |
| 1 |
|
2001 |
| a |
|
Муха-Цокотуха |
| 1 |
|
700 1 |
| a |
|
Красев |
| b |
|
М. |
| 1 |
|
702 1 |
| a |
|
Чуковский |
| b |
|
К. |
| 4 |
|
520 |
| 1 |
|
702 1 |
| a |
|
Клокова |
| b |
|
М. |
| 4 |
|
520 |
| 512 |
Заглавие обложки |
1_ |
| a |
Заглавие обложки |
Музыка в школе |
| 606 |
Тематические рубрики |
0_ |
| a |
Основная рубрика |
Учебные пособия |
| x |
Основная подрубрика |
Музыкально-театральные постановки |
| 610 |
Ключевые слова |
0_ |
| a |
Ключевые слова |
учебные пособия |
| 686 |
Индексы других классификаций |
__ |
| a |
Классификационный индекс |
85.98я71 |
| 2 |
Код системы |
rubbk |
| 702 |
Вторичная интеллектуальная ответственность |
_1 |
| a |
Фамилия |
Осеннева |
| b |
Имя (инициалы) |
М. С. |
| 4 |
Код отношения |
220 |
| 801 |
Источник записи |
_0 |
| a |
Страна |
RU |
| b |
Организация |
Ульяновская ОНБ |
| c |
Дата составления |
20200913 |
| g |
Правила каталогизации |
RCR |
| 801 |
Источник записи |
_1 |
| a |
Страна |
RU |
| b |
Организация |
Ульяновская ОНБ |
| c |
Дата составления |
20200913 |
| g |
Правила каталогизации |
RCR |
| 901 |
Тип документа |
__ |
| t |
Тип документа |
n |
| w |
Контрольный № источника |
RU/УОНБ/EK_N/653312415 |
| 909 |
Создатель записи |
__ |
| a |
Создатель записи |
Лобина Л. И. |
| 938 |
Служебная информация |
__ |
| a |
Имя БД |
noti |
| b |
Имя библиотеки |
УОНБ |
| c |
Имя АИБС |
МАРК-SQL |
| d |
Номер DOC_ID в БД |
22814 |